000 00325nam a2200109Ia 4500
008 171204s9999 xx 000 0 und d
245 _aGlobal Business Today:
245 _cCharles W. L. Hill and G. Tomas M. Hult
260 _c2015
650 _xINTERNATIONAL BUSINESS
856 _uhttp://down.ebook777.com/041/9814738255.pdf
999 _c347022
_d347022